| 000 | 00526nam a2200193Ia 4500 | ||
|---|---|---|---|
| 003 | GCL | ||
| 008 | 140319s9999 xx 000 0 eng d | ||
| 040 |
_aGCL / _cGCL |
||
| 082 | 0 | 4 |
_a338.4791 _bH T |
| 100 | 1 | _aHARRISON, DAVID | |
| 245 | 1 | 0 |
_aTOURISM AND THE LESS DEVELOPED COUNTRIES / _cHARRISON, DAVID |
| 260 |
_a[S.N] : _bJOHN WILEY AND SONS. INC ، _c1992 |
||
| 300 | _a186 P | ||
| 650 | 0 | 4 | _aTOURIST TRADE |
| 650 | 0 | 4 | _aPLANNING |
| 650 | 0 | 4 | _aTOURISM - PLANNING |
| 650 | 0 | 4 | _aTOURISM - DEVELOPMENT |
| 942 |
_2ddc _cBK |
||
| 999 |
_c25223 _d25223 |
||